| 000 | 00000nam 2200000za 4500 |
| 001 | 9.801122 |
| 003 | CaOODSP |
| 005 | 20221107134735 |
| 007 | cr ||||||||||| |
| 008 | 160506s2015 onc o f000 0 eng d |
| 020 | |a978-0-660-02468-4 |
| 040 | |aCaOODSP|beng |
| 043 | |an-cn--- |
| 086 | 1 |aFo4-55/3-2015E-PDF |
| 245 | 00|aProtecting wildlife habitat in Canadian forests |h[electronic resource] : |bkey facts. |
| 260 | |a[Ottawa] : |bNatural Resources Canada, |cc2015. |
| 300 | |a[2] p. |
| 500 | |aIssued also in French under title: La protection de l’habitat faunique dans les forêts canadiennes : faits importants. |
| 530 | |aIssued also in printed form. |
| 692 | 07|2gccst|aForests |
| 692 | 07|2gccst|aNature conservation |
| 710 | 1 |aCanada. |bNatural Resources Canada. |bCanadian Forest Service. |
| 775 | 08|tLa protection de l'habitat faunique dans les forêts canadiennes |w(CaOODSP)9.801123 |
| 776 | 0#|tProtecting wildlife habitat in Canadian forests : |w(CaOODSP)9.802081 |
| 856 | 40|qPDF|s235 KB|uhttps://publications.gc.ca/collections/collection_2016/rncan-nrcan/Fo4-55-3-2015-eng.pdf |
| 986 | |aCatalog ID: 36135 |